| 000 | 01301nam0a22002891 4500 | ||
|---|---|---|---|
| 001 | v19\rc\1316044 | ||
| 005 | 20260210102434.0 | ||
| 035 | _a(NLR Aleph) 004471812 | ||
| 090 |
_a4565383 _c4565383 |
||
| 100 | _a20260215 rusy50 | ||
| 101 | 0 | _arus | |
| 102 | _aRU | ||
| 105 | _aa z ||||| | ||
| 200 | 1 |
_aТехнология составления, подготовка к изданию и издания специальных карт и графических документов в походных условиях _e(Сборник технол. схем., инструкций и рецептуры рабочих растворов) _fВоен-топогр. упр. Ген. штаба |
|
| 210 |
_aМосква _cРед.-изд. отд. ВТС _d1959 |
||
| 215 |
_a148 с. _cчерт. _d22 |
||
| 300 | _aНа обороте тит. л. сост.: инж.-полк. З.В. Кравчинский инж.-подполк. В.М. Периков | ||
| 300 | _aЭкз. № 9 | ||
| 320 | _aБиблиогр.: с. 148 | ||
| 700 | 1 |
_aКравчинский _bЗ.В. |
|
| 701 | 1 |
_aПериков _bВ.М. _gВиктор Михайлович |
|
| 801 | 0 |
_aRU _bNLR _gpsbo |
|
| 801 | 1 |
_aRU _bProSoft-M _2rusmarc |
|
| 852 |
_aNLR _j59-5/1833 |
||
| 942 | _cUNSPEC | ||
| 980 | _aNB | ||